| 000 | 00494nam a22001697a 4500 | ||
|---|---|---|---|
| 999 |
_c164602 _d164602 |
||
| 005 | 20190523122818.0 | ||
| 010 | _aB-055303 | ||
| 020 |
_a0195651510 _c345.00 |
||
| 035 | _aB-055303 | ||
| 037 | _bOxford University Press | ||
| 082 | _a954 | ||
| 100 | _aKumar, Dharma. | ||
| 245 |
_aColonialism, property and the state / _cDharma Kumar |
||
| 260 |
_aNew Delhi _bOxford University Press _c1998 |
||
| 300 |
_a385p (it include index) _c21cm (hbk) |
||
| 942 |
_2ddc _cEN _h954 _mDHA |
||